Prueba de Estonia - Estadísticas

Estadísticas generales
  • Esta prueba ha sido intentada 1.216 veces
  • La puntuación promedio es 11 de 21
Estadísticas de respuestas
Pista Respuesta % Correcto
Países limítrofes Rusia
95%
Capital Tallin
95%
Países limítrofes Letonia
94%
País del que Estonia obtuvo su independencia en 1991 Unión Soviética
91%
Esos dos golfos son parte de este mar Mar Báltico
81%
Dos importantes organizaciones internacionales a las que Estonia se adhirió en 2004 OTAN
80%
Dos importantes organizaciones internacionales a las que Estonia se adhirió en 2004 Unión Europea
78%
El 48% de la superficie terrestre de Estonia está cubierta de... Bosques
69%
El popular software de videollamadas, desarrollado por estonios, comprado por Microsoft en 2011 Skype
64%
Golfos limítrofes Golfo de {Finlandia}
56%
En 2005, Estonia fue el primer país en ____ por Internet Votar
43%
Antes de la Segunda Guerra Mundial, cerca del 80% de los estonios pertenecían a esta rama del protestantismo. Hoy en día, es menos del 10%. Luterana
37%
Moneda anterior, 1992-2011 Corona
32%
Golfos limítrofes Golfo de {Riga}
29%
Nombre de Estonia en estonio Eesti
26%
El idioma estonio es parte de este grupo de idiomas Fino-bálticas
26%
El rey sueco por quien la universidad fue originalmente nombrada {Gustavo} II Adolfo
24%
¿Qué son Saaremaa y Hiiumaa? Islas
24%
Orden de los cruzados germánicos que gobernaron la mayor parte de Estonia durante tres siglos Orden {Teutónica}
21%
La universidad más grande y más antigua Universidad de Tartu
15%
El quinto lago más grande de Europa, que se encuentra en la frontera oriental Lago Peipus
13%
No se encontraron pruebas coincidentes
Distribución de puntuación
Porcentaje de gente con cada puntuación
Porcentaje por número respondido
Historial de tus puntuaciones
No has intentado esta prueba.